000 00301nam a2200133Ia 4500
008 190216s9999||||xx |||||||||||||| ||und||
100 _aSubhash Mehta
245 0 _aIntroducing Computers
250 _a1st Ed.
260 _bBpb Publications
_c1997
300 _a169
650 _aComputer
942 _cBK
999 _c8585
_d8585